Statistics for Unmanned Spacecraft Quiz

Click here to take the quiz!

General Stats

  • This quiz has been taken 16 times
  • The average score is 8 of 18

Answer Stats

Answer% Correct
Sputnik
100%
Voyager 1/2
100%
Cassini-Huygens
86%
New Horizons
57%
Galileo
43%
Juno
43%
Parker Solar Probe
43%
Venera
43%
Viking 1/2
43%
Deep Impact
29%
Genesis
29%
Magellan
29%
Mariner 2
29%
MESSENGER
29%
Pioneer 10/11
29%
Ranger
29%
Rosetta
29%
Ulysses
29%

Score Distribution

Percentile by Number Answered

Percent of People with Each Score

Your Score History

You have not taken this quiz